000 00494ntaaa2200181 4500
003 01
005 20251027201410.0
008 0714s1973 ag 01
040 _aAR-BaBN
_bspa
_cAR-BaBN
_eaacr
_dRIC
082 _a225.9200 C16m
100 _ade Canclini, Agustina Varetto
245 _aMás mujeres del evangelio
250 _a1 ed.
260 _aBuenos Aires :
_bJunta Bautista de Publicaciones,
_c1973
300 _a117 p.
650 _aBiblia-Nuevo Testamento-Biografía
_912476
942 _cBK
999 _c8521
_d8521